| 000 | 00478nam a22001697a 4500 | ||
|---|---|---|---|
| 999 |
_c13723 _d13723 |
||
| 003 | AR-CdUCM | ||
| 008 | 190416b ||||| |||| 00| 0 spa d | ||
| 040 |
_aMUNICIPALIDAD PROVINCIAL DEL CUSCO _cBIBLIOTECA MUNICIPAL DEL CUSCO |
||
| 082 |
_a869.63 / _bM26 / 1954 |
||
| 100 |
_aMartan Gongora, Helcias _914351 |
||
| 245 | _aHumano Litoral / | ||
| 300 |
_a69 hojas, _c22 cm. |
||
| 505 | _aPoesía. | ||
| 650 |
_aPoesía. _9139 |
||
| 942 |
_2ddc _cLIBROS |
||
| 945 |
_awfj _d2019-04-16 |
||